[Event "Prague Open 2022 - A IM Open"]
[Site "Olympik hotel, Prague"]
[Date "2022.01.08"]
[Round "3"]
[Board "18"]
[White "Ondrus, Martin"]
[Black "Zysko, Jan"]
[Result "1-0"]
[WhiteElo "2267"]
[BlackElo "2090"]
[PlyCount "0"]
[EventDate "2022.01.07"]
[EventRounds "9"]
[EventCountry "CZE"]

1. e4 {[%clk 1:24:54]} c5 {[%clk 1:30:54]} 2. Nf3 {[%clk 1:25:21]} e6
{[%clk 1:31:18]} 3. d4 {[%clk 1:25:48]} cxd4 {[%clk 1:31:44]} 4. Nxd4
{[%clk 1:26:12]} Nc6 {[%clk 1:32:11]} 5. Nc3 {[%clk 1:26:39]} Qc7
{[%clk 1:32:34]} 6. Be3 {[%clk 1:27:06]} a6 {[%clk 1:32:49]} 7. Qf3
{[%clk 1:27:32]} Nf6 {[%clk 1:31:53]} 8. O-O-O {[%clk 1:27:46]} Ne5
{[%clk 1:31:00]} 9. Qg3 {[%clk 1:28:12]} b5 {[%clk 1:29:40]} 10. f4
{[%clk 1:27:55]} Neg4 {[%clk 1:23:33]} 11. Bg1 {[%clk 1:28:23]} h5
{[%clk 1:09:03]} 12. h3 {[%clk 1:28:51]} b4 {[%clk 1:08:42]} 13. Nd5
{[%clk 1:25:31]} exd5 {[%clk 1:06:59]} 14. hxg4 {[%clk 1:25:10]} Nxe4
{[%clk 1:01:13]} 15. Qe3 {[%clk 1:24:59]} Bd6 {[%clk 0:54:13]} 16. g3
{[%clk 1:23:39]} Kf8 {[%clk 0:52:03]} 17. Kb1 {[%clk 1:23:48]} Bb7
{[%clk 0:37:36]} 18. gxh5 {[%clk 1:23:12]} Re8 {[%clk 0:24:32]} 19. Qf3
{[%clk 1:23:15]} Bc6 {[%clk 0:16:02]} 20. Nf5 {[%clk 0:52:55]} Ba4
{[%clk 0:15:28]} 21. Bd3 {[%clk 0:50:33]} Nc3+ {[%clk 0:13:11]} 22. bxc3
{[%clk 0:50:53]} bxc3 {[%clk 0:13:39]} 23. Nd4 {[%clk 0:48:44]} Qb7+
{[%clk 0:06:46]} 24. Nb3 {[%clk 0:48:59]} Qb4 {[%clk 0:07:08]} 25. Be3
{[%clk 0:46:35]} d4 {[%clk 0:06:37]} 26. Bc1 {[%clk 0:46:14]} Bc6
{[%clk 0:05:38]} 27. Qf2 {[%clk 0:45:24]} Bc5 {[%clk 0:06:06]} 28. Rhe1
{[%clk 0:28:29]} Rb8 {[%clk 0:05:59]} 29. Qe2 {[%clk 0:21:06]} a5
{[%clk 0:06:27]} 30. f5 {[%clk 0:19:50]} a4 {[%clk 0:06:13]} 31. f6
{[%clk 0:19:04]} gxf6 {[%clk 0:06:27]} 32. h6 {[%clk 0:19:10]} axb3
{[%clk 0:06:51]} 33. cxb3 {[%clk 0:19:33]} Bd5 {[%clk 0:05:00]} 34. Qg4
{[%clk 0:16:57]} Rg8 {[%clk 0:05:28]} 35. h7 {[%clk 0:17:09]} c2+
{[%clk 0:03:40]} 36. Bxc2 {[%clk 0:17:25]}  1-0

[Event "Prague Open 2022 - A IM Open"]
[Site "Olympik hotel, Prague"]
[Date "2022.01.08"]
[Round "3"]
[Board "19"]
[White "Finn, Peter"]
[Black "Dev, Shah"]
[Result "0-1"]
[WhiteElo "2035"]
[BlackElo "2248"]
[PlyCount "0"]
[EventDate "2022.01.07"]
[EventRounds "9"]
[EventCountry "CZE"]

1. e4 {[%clk 1:30:57]} e5 {[%clk 1:22:49]} 2. Nf3 {[%clk 1:31:17]} Nc6
{[%clk 1:23:11]} 3. Bc4 {[%clk 1:31:42]} Bc5 {[%clk 1:23:35]} 4. c3
{[%clk 1:32:01]} Nf6 {[%clk 1:23:57]} 5. d3 {[%clk 1:32:27]} d6 {[%clk 1:23:47]}
6. O-O {[%clk 1:31:59]} O-O {[%clk 1:21:17]} 7. Bb3 {[%clk 1:32:15]} a5
{[%clk 1:16:49]} 8. Nbd2 {[%clk 1:29:40]} Be6 {[%clk 1:16:03]} 9. a4
{[%clk 1:25:35]} d5 {[%clk 1:12:28]} 10. Re1 {[%clk 1:19:58]} Re8
{[%clk 0:59:16]} 11. Bc2 {[%clk 1:10:25]} Ng4 {[%clk 0:46:37]} 12. Re2
{[%clk 1:06:19]} Bxf2+ {[%clk 0:46:08]} 13. Rxf2 {[%clk 1:06:37]} Ne3
{[%clk 0:46:31]} 14. Qe2 {[%clk 1:06:18]} Nxc2 {[%clk 0:46:55]} 15. Rb1
{[%clk 1:06:32]} d4 {[%clk 0:46:35]} 16. Nf1 {[%clk 1:05:09]} Bb3
{[%clk 0:46:25]} 17. Qd1 {[%clk 0:53:29]} f5 {[%clk 0:35:21]} 18. Bg5
{[%clk 0:38:01]} Qd7 {[%clk 0:32:30]} 19. N3d2 {[%clk 0:37:23]} Bxa4
{[%clk 0:27:38]} 20. b3 {[%clk 0:37:30]} Ne3 {[%clk 0:26:34]} 21. Bxe3
{[%clk 0:36:55]} dxe3 {[%clk 0:26:47]} 22. Nxe3 {[%clk 0:37:20]} f4
{[%clk 0:20:12]} 23. Nf5 {[%clk 0:35:07]} Bb5 {[%clk 0:19:26]} 24. Qg4
{[%clk 0:33:38]} Kh8 {[%clk 0:19:06]} 25. c4 {[%clk 0:32:49]} Ba6
{[%clk 0:18:58]} 26. Qg5 {[%clk 0:29:01]} Nd4 {[%clk 0:17:50]} 27. Nf3
{[%clk 0:26:18]} Nxf5 {[%clk 0:15:06]} 28. exf5 {[%clk 0:26:44]} Qxd3
{[%clk 0:11:24]} 29. Re1 {[%clk 0:26:21]} Rf8 {[%clk 0:08:33]} 30. Rxe5
{[%clk 0:25:35]} Qxb3 {[%clk 0:08:52]} 31. Re7 {[%clk 0:25:00]} Qb1+
{[%clk 0:09:04]} 32. Rf1 {[%clk 0:25:06]} Qb6+ {[%clk 0:09:27]} 33. Kh1
{[%clk 0:23:31]} Qf6 {[%clk 0:09:45]} 34. Rxc7 {[%clk 0:23:05]} Qxg5
{[%clk 0:08:40]} 35. Nxg5 {[%clk 0:23:29]} Rxf5 {[%clk 0:08:42]} 36. Ne6
{[%clk 0:19:39]} Rg8 {[%clk 0:08:09]} 37. Rxf4 {[%clk 0:18:13]} Re5
{[%clk 0:08:30]}  0-1

[Event "Prague Open 2022 - A IM Open"]
[Site "Olympik hotel, Prague"]
[Date "2022.01.08"]
[Round "3"]
[Board "20"]
[White "Bomans, Arno"]
[Black "Gajdos, Daniel"]
[Result "1-0"]
[WhiteElo "2246"]
[BlackElo "2057"]
[PlyCount "0"]
[EventDate "2022.01.07"]
[EventRounds "9"]
[EventCountry "CZE"]

1. d4 {[%clk 1:30:56]} Nf6 {[%clk 1:30:54]} 2. Bg5 {[%clk 1:31:08]} d5
{[%clk 1:31:17]} 3. Bxf6 {[%clk 1:30:57]} gxf6 {[%clk 1:31:36]} 4. e3
{[%clk 1:30:12]} c5 {[%clk 1:31:11]} 5. dxc5 {[%clk 1:28:34]} Qa5+
{[%clk 1:30:19]} 6. Nc3 {[%clk 1:26:00]} e6 {[%clk 1:30:06]} 7. Qd4
{[%clk 1:18:25]} Nc6 {[%clk 1:29:39]} 8. Bb5 {[%clk 1:17:30]} Bd7
{[%clk 1:21:09]} 9. Qxf6 {[%clk 1:02:43]} Rg8 {[%clk 1:20:41]} 10. Nge2
{[%clk 1:01:53]} Be7 {[%clk 1:14:21]} 11. Qf4 {[%clk 0:58:47]} Bxc5
{[%clk 0:57:48]} 12. Qh4 {[%clk 0:43:27]} e5 {[%clk 0:38:53]} 13. O-O-O
{[%clk 0:33:19]} Rg4 {[%clk 0:39:14]} 14. Qf6 {[%clk 0:33:03]} Rb4
{[%clk 0:35:39]} 15. Nxd5 {[%clk 0:20:25]} Rxb5 {[%clk 0:31:08]} 16. Qh8+
{[%clk 0:14:46]} Bf8 {[%clk 0:31:17]} 17. Nf6+ {[%clk 0:15:05]} Ke7
{[%clk 0:31:41]} 18. Rxd7+ {[%clk 0:14:48]} Ke6 {[%clk 0:31:32]} 19. Qxh7
{[%clk 0:02:33]} Be7 {[%clk 0:31:11]} 20. Qh3+ {[%clk 0:02:20]} Kxf6
{[%clk 0:29:32]} 21. Qh6+ {[%clk 0:02:46]} Kf5 {[%clk 0:29:54]} 22. Ng3+
{[%clk 0:03:03]} Kg4 {[%clk 0:30:17]} 23. h3#  1-0

[Event "Prague Open 2022 - A IM Open"]
[Site "Olympik hotel, Prague"]
[Date "2022.01.08"]
[Round "3"]
[Board "21"]
[White "Cholleti, Sahajasri"]
[Black "Llopis de Aysa, Manuel"]
[Result "1-0"]
[WhiteElo "2235"]
[BlackElo "2035"]
[PlyCount "0"]
[EventDate "2022.01.07"]
[EventRounds "9"]
[EventCountry "CZE"]

1. d4 {[%clk 1:22:40]} d6 {[%clk 1:30:51]} 2. Nf3 {[%clk 1:22:52]} g6
{[%clk 1:31:14]} 3. c4 {[%clk 1:23:06]} Bg7 {[%clk 1:31:42]} 4. Nc3
{[%clk 1:23:26]} e5 {[%clk 1:32:01]} 5. e4 {[%clk 1:23:44]} Nc6 {[%clk 1:32:01]}
6. dxe5 {[%clk 1:22:49]} Nxe5 {[%clk 1:30:14]} 7. Be2 {[%clk 1:23:10]} Nxf3+
{[%clk 1:26:52]} 8. Bxf3 {[%clk 1:23:29]} Ne7 {[%clk 1:23:57]} 9. Be3
{[%clk 1:21:20]} O-O {[%clk 1:17:45]} 10. O-O {[%clk 1:20:00]} Nc6
{[%clk 0:58:11]} 11. Qd2 {[%clk 1:19:39]} Ne5 {[%clk 0:50:47]} 12. Be2
{[%clk 1:18:47]} Be6 {[%clk 0:47:58]} 13. b3 {[%clk 1:16:50]} f5 {[%clk 0:46:06]}
14. exf5 {[%clk 1:11:25]} Bxf5 {[%clk 0:46:20]} 15. Rad1 {[%clk 1:07:57]} Kh8
{[%clk 0:39:50]} 16. Bh6 {[%clk 1:03:40]} Bxh6 {[%clk 0:38:29]} 17. Qxh6
{[%clk 1:04:07]} Qf6 {[%clk 0:38:26]} 18. Nd5 {[%clk 1:03:27]} Qf7
{[%clk 0:38:36]} 19. Qd2 {[%clk 1:02:34]} Qg7 {[%clk 0:29:49]} 20. Rfe1
{[%clk 0:56:06]} Rf7 {[%clk 0:28:18]} 21. f4 {[%clk 0:53:04]} Nc6
{[%clk 0:27:31]} 22. Bf3 {[%clk 0:53:26]} Raf8 {[%clk 0:25:50]} 23. Re2
{[%clk 0:50:32]} h6 {[%clk 0:20:03]} 24. b4 {[%clk 0:48:33]} g5 {[%clk 0:16:23]}
25. b5 {[%clk 0:42:02]} Nd8 {[%clk 0:16:47]} 26. Bh5 {[%clk 0:36:41]} Bg6
{[%clk 0:13:59]} 27. Bxg6 {[%clk 0:36:33]} Qxg6 {[%clk 0:14:27]} 28. fxg5
{[%clk 0:34:15]} Qxg5 {[%clk 0:12:20]} 29. Qxg5 {[%clk 0:33:29]} hxg5
{[%clk 0:12:49]} 30. Rde1 {[%clk 0:32:44]} c6 {[%clk 0:08:04]} 31. Ne7
{[%clk 0:26:46]} Kh7 {[%clk 0:06:17]} 32. Re3 {[%clk 0:26:28]} Rf4
{[%clk 0:05:55]} 33. Rh3+ {[%clk 0:23:55]} Kg7 {[%clk 0:06:08]} 34. Rh5
{[%clk 0:23:51]} Nf7 {[%clk 0:03:15]} 35. bxc6 {[%clk 0:12:41]} bxc6
{[%clk 0:03:43]} 36. c5 {[%clk 0:12:43]} dxc5 {[%clk 0:02:22]} 37. h3
{[%clk 0:13:07]} Rf6 {[%clk 0:00:42]} 38. g4 {[%clk 0:12:42]} Nh6
{[%clk 0:00:37]} 39. Rxg5+ {[%clk 0:12:52]} Kh7 {[%clk 0:00:33]} 40. Rh5
{[%clk 0:11:35]} Rf3 {[%clk 0:00:32]} 41. g5 {[%clk 0:10:11]}  1-0

[Event "Prague Open 2022 - A IM Open"]
[Site "Olympik hotel, Prague"]
[Date "2022.01.08"]
[Round "3"]
[Board "23"]
[White "Matras, Ondrej"]
[Black "Fizerova, Lucie"]
[Result "1-0"]
[WhiteElo "2230"]
[BlackElo "1744"]
[PlyCount "0"]
[EventDate "2022.01.07"]
[EventRounds "9"]
[EventCountry "CZE"]

1. d4 {[%clk 1:30:59]} f5 {[%clk 1:30:48]} 2. Nc3 {[%clk 1:27:48]} d5
{[%clk 1:31:12]} 3. Bg5 {[%clk 1:28:04]} Nf6 {[%clk 1:31:41]} 4. e3
{[%clk 1:24:04]} e6 {[%clk 1:31:25]} 5. Nf3 {[%clk 1:22:50]} Be7 {[%clk 1:26:32]}
6. Ne5 {[%clk 1:18:57]} O-O {[%clk 1:26:16]} 7. Be2 {[%clk 1:14:27]} Ne4
{[%clk 1:26:01]} 8. Bxe7 {[%clk 1:11:15]} Qxe7 {[%clk 1:25:23]} 9. O-O
{[%clk 1:09:57]} Nd7 {[%clk 1:23:59]} 10. Nxd7 {[%clk 0:35:35]} Bxd7
{[%clk 1:24:01]} 11. Qe1 {[%clk 0:34:24]} b6 {[%clk 1:22:06]} 12. f4
{[%clk 0:31:20]} c5 {[%clk 1:20:24]} 13. Nxe4 {[%clk 0:25:43]} fxe4
{[%clk 1:19:53]} 14. Rd1 {[%clk 0:24:24]} c4 {[%clk 1:16:50]} 15. b3
{[%clk 0:23:09]} b5 {[%clk 1:15:55]} 16. Qa5 {[%clk 0:22:43]} Rf6
{[%clk 1:10:45]} 17. Ra1 {[%clk 0:17:54]} Rh6 {[%clk 1:09:28]} 18. g3
{[%clk 0:16:44]} Rg6 {[%clk 1:03:22]} 19. bxc4 {[%clk 0:13:30]} bxc4
{[%clk 1:02:50]} 20. Rab1 {[%clk 0:12:07]} Bc6 {[%clk 1:00:32]} 21. c3
{[%clk 0:10:29]} Qh4 {[%clk 0:57:46]} 22. Kg2 {[%clk 0:10:38]} Qe7
{[%clk 0:53:23]} 23. Rb2 {[%clk 0:11:00]} Rf6 {[%clk 0:51:15]} 24. Rfb1
{[%clk 0:11:14]} Rff8 {[%clk 0:51:04]} 25. Bg4 {[%clk 0:10:36]} g6
{[%clk 0:48:34]} 26. Qb4 {[%clk 0:06:40]} Kf7 {[%clk 0:47:13]} 27. Qa5
{[%clk 0:06:22]} Qd6 {[%clk 0:46:38]} 28. Qa6 {[%clk 0:05:07]} Rfd8
{[%clk 0:46:32]} 29. Bd1 {[%clk 0:05:06]} Kf8 {[%clk 0:42:44]} 30. h4
{[%clk 0:05:01]} Qc7 {[%clk 0:41:32]} 31. h5 {[%clk 0:03:51]} Qc8
{[%clk 0:40:08]} 32. Qa3+ {[%clk 0:03:49]} Kf7 {[%clk 0:40:17]} 33. Bg4
{[%clk 0:03:53]} Qc7 {[%clk 0:39:33]} 34. Rh1 {[%clk 0:03:55]} Rh8
{[%clk 0:38:16]} 35. Qc5 {[%clk 0:02:02]} Qd7 {[%clk 0:35:54]} 36. Bd1
{[%clk 0:00:52]} Rac8 {[%clk 0:34:30]} 37. Qa3 {[%clk 0:01:05]} Qe7
{[%clk 0:33:48]} 38. Qa6 {[%clk 0:00:39]} Qc7 {[%clk 0:33:40]} 39. Bg4
{[%clk 0:00:48]} Qd7 {[%clk 0:29:19]} 40. Rhb1 {[%clk 0:00:36]} Kf6
{[%clk 0:27:21]} 41. h6 {[%clk 0:20:15]} Rc7 {[%clk 0:54:06]} 42. Be2
{[%clk 0:17:31]} Kf7 {[%clk 0:52:54]} 43. Qa5 {[%clk 0:17:13]} Rhc8
{[%clk 0:51:24]} 44. g4 {[%clk 0:13:05]} Ke7 {[%clk 0:49:07]} 45. g5
{[%clk 0:09:49]} Kf7 {[%clk 0:48:49]} 46. Rb4 {[%clk 0:09:29]} Ke7
{[%clk 0:45:58]} 47. Kg3 {[%clk 0:09:57]} Kf7 {[%clk 0:45:58]} 48. Bd1
{[%clk 0:08:33]} Ke7 {[%clk 0:44:29]} 49. Qa3 {[%clk 0:08:53]} Kf7
{[%clk 0:44:32]} 50. Qb2 {[%clk 0:08:54]} Ke7 {[%clk 0:43:14]} 51. Bc2
{[%clk 0:06:55]} Kf7 {[%clk 0:42:28]} 52. Qa3 {[%clk 0:07:22]} Qe7
{[%clk 0:41:45]} 53. Qa5 {[%clk 0:07:06]} Qd7 {[%clk 0:40:00]} 54. Qa6
{[%clk 0:06:51]} Ke7 {[%clk 0:38:31]} 55. Ba4 {[%clk 0:06:04]} Bxa4
{[%clk 0:37:57]} 56. Rxa4 {[%clk 0:06:32]} Qd6 {[%clk 0:37:16]} 57. Qxd6+
{[%clk 0:06:13]} Kxd6 {[%clk 0:37:36]} 58. Ra6+ {[%clk 0:06:40]} Kd7
{[%clk 0:37:40]} 59. Rb5 {[%clk 0:06:44]} Ke7 {[%clk 0:36:49]} 60. Kf2
{[%clk 0:06:47]} Rd8 {[%clk 0:34:31]} 61. Ke2 {[%clk 0:05:34]} Rd6
{[%clk 0:29:43]} 62. Rxd6 {[%clk 0:05:38]} Kxd6 {[%clk 0:30:12]} 63. Rb8
{[%clk 0:06:00]} Kc6 {[%clk 0:30:21]} 64. Kd1 {[%clk 0:03:37]} Rb7
{[%clk 0:29:50]} 65. Rg8 {[%clk 0:03:48]} Kd6 {[%clk 0:28:02]} 66. Kc2
{[%clk 0:03:54]} Kc6 {[%clk 0:28:12]} 67. Rg7 {[%clk 0:03:59]} a6
{[%clk 0:23:44]} 68. Rg8 {[%clk 0:04:18]} Kd6 {[%clk 0:14:22]} 69. Ra8
{[%clk 0:04:29]} Kc7 {[%clk 0:14:33]} 70. Rxa6 {[%clk 0:04:44]} Rb6
{[%clk 0:14:50]} 71. Ra8 {[%clk 0:04:44]} Kc6 {[%clk 0:10:15]} 72. Rg8
{[%clk 0:02:31]} Rb7 {[%clk 0:10:10]} 73. Rg7 {[%clk 0:02:35]} Kb6
{[%clk 0:10:13]} 74. Kb2 {[%clk 0:02:40]} Ka6+ {[%clk 0:10:20]} 75. Ka3
{[%clk 0:02:16]} Ra7 {[%clk 0:09:20]} 76. Rxa7+ {[%clk 0:01:56]} Kxa7
{[%clk 0:09:45]} 77. Kb4 {[%clk 0:02:18]} Kb6 {[%clk 0:09:22]} 78. a4
{[%clk 0:02:45]} Ka6 {[%clk 0:09:26]} 79. a5 {[%clk 0:03:13]} Kb7
{[%clk 0:09:27]} 80. Kb5 {[%clk 0:03:42]}  1-0

[Event "Prague Open 2022 - A IM Open"]
[Site "Olympik hotel, Prague"]
[Date "2022.01.08"]
[Round "3"]
[Board "24"]
[White "Roubal, Matyas"]
[Black "Babula, Vlastimil"]
[Result "0-1"]
[WhiteElo "1871"]
[BlackElo "2227"]
[PlyCount "0"]
[EventDate "2022.01.07"]
[EventRounds "9"]
[EventCountry "CZE"]

1. e4 {[%clk 1:30:58]} c5 {[%clk 1:30:55]} 2. Nf3 {[%clk 1:31:23]} d6
{[%clk 1:31:18]} 3. Bb5+ {[%clk 1:31:48]} Nd7 {[%clk 1:31:44]} 4. Ba4
{[%clk 1:32:14]} Ngf6 {[%clk 1:30:36]} 5. O-O {[%clk 1:32:38]} a6
{[%clk 1:27:06]} 6. c3 {[%clk 1:30:46]} Nxe4 {[%clk 1:23:40]} 7. Re1
{[%clk 1:30:59]} Nef6 {[%clk 1:22:23]} 8. d4 {[%clk 1:28:40]} b5 {[%clk 1:18:31]}
9. Bb3 {[%clk 1:28:00]} c4 {[%clk 1:18:25]} 10. Bc2 {[%clk 1:28:23]} Bb7
{[%clk 1:11:37]} 11. Bf4 {[%clk 1:26:24]} e6 {[%clk 1:03:37]} 12. Nbd2
{[%clk 1:24:54]} Be7 {[%clk 1:02:23]} 13. a4 {[%clk 1:22:05]} O-O
{[%clk 1:02:22]} 14. axb5 {[%clk 1:20:48]} axb5 {[%clk 1:02:47]} 15. b3
{[%clk 1:20:09]} Nd5 {[%clk 1:00:56]} 16. Bg3 {[%clk 1:17:20]} Nxc3
{[%clk 1:01:01]} 17. Bxh7+ {[%clk 1:17:17]} Kxh7 {[%clk 1:01:09]} 18. Qc2+
{[%clk 1:17:43]} Kg8 {[%clk 1:00:55]} 19. Qxc3 {[%clk 1:17:57]} Rc8
{[%clk 0:57:16]} 20. bxc4 {[%clk 1:16:00]} bxc4 {[%clk 0:56:15]} 21. Qb4
{[%clk 1:14:53]} Bxf3 {[%clk 0:52:33]} 22. Nxf3 {[%clk 1:14:27]} Nf6
{[%clk 0:52:23]} 23. Qb1 {[%clk 1:09:13]} Nd5 {[%clk 0:52:03]} 24. h4
{[%clk 1:08:16]} c3 {[%clk 0:50:51]} 25. Qd3 {[%clk 1:07:06]} Nb4
{[%clk 0:43:28]} 26. Qb1 {[%clk 1:05:43]} d5 {[%clk 0:28:50]} 27. Ng5
{[%clk 1:02:54]} Bxg5 {[%clk 0:19:44]} 28. hxg5 {[%clk 1:02:11]} Nc6
{[%clk 0:20:06]} 29. Qd3 {[%clk 1:01:41]} Qxg5 {[%clk 0:19:59]} 30. Qxc3
{[%clk 1:01:10]} Ne7 {[%clk 0:20:09]} 31. Qd3 {[%clk 0:58:56]} Nf5
{[%clk 0:20:32]} 32. Be5 {[%clk 0:56:31]} Rc4 {[%clk 0:20:02]} 33. g3
{[%clk 0:55:34]} Qd8 {[%clk 0:19:11]} 34. g4 {[%clk 0:49:18]} Qg5
{[%clk 0:18:25]} 35. Kh2 {[%clk 0:48:59]} Qxg4 {[%clk 0:17:42]} 36. Rg1
{[%clk 0:48:46]} Qh4+ {[%clk 0:17:16]} 37. Qh3 {[%clk 0:48:49]} Qxh3+
{[%clk 0:17:27]} 38. Kxh3 {[%clk 0:49:15]} f6 {[%clk 0:17:48]}  0-1

[Event "Prague Open 2022 - A IM Open"]
[Site "Olympik hotel, Prague"]
[Date "2022.01.09"]
[Round "4"]
[Board "1"]
[White "Pijpers, Arthur"]
[Black "Fus, Jakub"]
[Result "1-0"]
[WhiteElo "2486"]
[BlackElo "2385"]
[PlyCount "0"]
[EventDate "2022.01.07"]
[EventRounds "9"]
[EventCountry "CZE"]

1. e4 {[%clk 1:30:57]} c6 {[%clk 1:30:24]} 2. d4 {[%clk 1:31:22]} d5
{[%clk 1:30:37]} 3. e5 {[%clk 1:31:48]} Bf5 {[%clk 1:30:16]} 4. Nf3
{[%clk 1:32:13]} e6 {[%clk 1:30:16]} 5. Be2 {[%clk 1:32:39]} c5 {[%clk 1:27:36]}
6. Be3 {[%clk 1:32:58]} cxd4 {[%clk 1:25:37]} 7. Nxd4 {[%clk 1:33:22]} Ne7
{[%clk 1:25:42]} 8. c4 {[%clk 1:31:48]} Nbc6 {[%clk 1:17:05]} 9. Qa4
{[%clk 1:31:50]} dxc4 {[%clk 1:16:08]} 10. Nc3 {[%clk 1:30:45]} a6
{[%clk 1:16:06]} 11. O-O-O {[%clk 1:30:58]} Qa5 {[%clk 1:15:20]} 12. Qxa5
{[%clk 1:31:23]} Nxa5 {[%clk 1:15:44]} 13. Nxf5 {[%clk 1:31:47]} Nxf5
{[%clk 1:14:09]} 14. Bb6 {[%clk 1:32:13]} Nc6 {[%clk 1:09:18]} 15. f4
{[%clk 1:32:38]} h5 {[%clk 1:02:44]} 16. Bxc4 {[%clk 1:30:13]} Rc8
{[%clk 0:56:14]} 17. Kb1 {[%clk 1:23:10]} Bb4 {[%clk 0:52:08]} 18. Ne4
{[%clk 1:18:59]} Ba5 {[%clk 0:48:09]} 19. Bxa5 {[%clk 1:00:26]} Nxa5
{[%clk 0:48:23]} 20. Be2 {[%clk 1:00:54]} Ke7 {[%clk 0:44:24]} 21. Rd3
{[%clk 0:55:27]} Nc6 {[%clk 0:32:23]} 22. Rhd1 {[%clk 0:51:02]} Rc7
{[%clk 0:29:47]} 23. Nd6 {[%clk 0:49:33]} g6 {[%clk 0:27:40]} 24. Bf3
{[%clk 0:48:59]} Rb8 {[%clk 0:24:58]} 25. Rc3 {[%clk 0:41:07]} Kf8
{[%clk 0:22:00]} 26. Nxf5 {[%clk 0:37:05]} exf5 {[%clk 0:21:58]} 27. Rd6
{[%clk 0:37:03]} Ke7 {[%clk 0:16:57]} 28. Bxc6 {[%clk 0:32:50]} Rxc6
{[%clk 0:17:13]} 29. Rcxc6 {[%clk 0:33:14]} bxc6 {[%clk 0:17:38]} 30. Rxc6
{[%clk 0:33:40]} Rb4 {[%clk 0:17:23]} 31. g3 {[%clk 0:32:49]} a5 {[%clk 0:17:29]}
32. h4 {[%clk 0:30:18]} Re4 {[%clk 0:17:17]} 33. Kc2 {[%clk 0:29:34]} Re2+
{[%clk 0:17:12]} 34. Kb3 {[%clk 0:29:56]} Rg2 {[%clk 0:17:14]} 35. Rc3
{[%clk 0:30:22]} Kd7 {[%clk 0:16:41]} 36. a3 {[%clk 0:21:13]} a4+
{[%clk 0:14:24]} 37. Kxa4 {[%clk 0:21:08]} Rxb2 {[%clk 0:14:50]} 38. Rb3
{[%clk 0:20:11]} Rc2 {[%clk 0:14:41]} 39. Kb4 {[%clk 0:19:53]} Rc8
{[%clk 0:14:47]} 40. Rd3+ {[%clk 0:19:42]} Ke7 {[%clk 0:15:10]} 41. a4
{[%clk 0:19:30]} Rb8+ {[%clk 0:14:32]} 42. Kc5 {[%clk 0:19:48]}  1-0

[Event "Prague Open 2022 - A IM Open"]
[Site "Olympik hotel, Prague"]
[Date "2022.01.09"]
[Round "4"]
[Board "2"]
[White "Kozak, Antoni"]
[Black "Mirzoev, Azer"]
[Result "0-1"]
[WhiteElo "2377"]
[BlackElo "2432"]
[PlyCount "0"]
[EventDate "2022.01.07"]
[EventRounds "9"]
[EventCountry "CZE"]

1. d4 {[%clk 1:30:57]} d5 {[%clk 1:29:25]} 2. Bf4 {[%clk 1:30:24]} c5
{[%clk 1:29:30]} 3. e3 {[%clk 1:28:44]} Nc6 {[%clk 1:29:49]} 4. c3
{[%clk 1:28:13]} Nf6 {[%clk 1:29:47]} 5. Nd2 {[%clk 1:26:23]} Bf5
{[%clk 1:30:05]} 6. Ngf3 {[%clk 1:20:01]} e6 {[%clk 1:27:15]} 7. Ne5
{[%clk 1:11:46]} Nxe5 {[%clk 1:23:21]} 8. dxe5 {[%clk 0:59:43]} Nd7
{[%clk 1:23:27]} 9. e4 {[%clk 0:55:57]} dxe4 {[%clk 1:19:08]} 10. Qe2
{[%clk 0:53:03]} Qb6 {[%clk 1:13:53]} 11. O-O-O {[%clk 0:46:45]} Qa5
{[%clk 1:12:19]} 12. a3 Qa4 13. g4 {[%clk 0:19:04]} Bg6 {[%clk 1:03:59]} 14. Qb5
{[%clk 0:11:14]} Qxb5 {[%clk 1:02:44]} 15. Bxb5 {[%clk 0:11:42]} a6
{[%clk 0:59:04]} 16. Ba4 {[%clk 0:12:09]} b5 {[%clk 0:47:43]} 17. Bc2
{[%clk 0:12:37]} e3 {[%clk 0:47:32]} 18. fxe3 {[%clk 0:13:03]} Bxc2
{[%clk 0:47:44]} 19. Kxc2 {[%clk 0:13:31]} Nb6 {[%clk 0:48:08]} 20. Ne4
{[%clk 0:07:58]} Nd5 {[%clk 0:48:16]} 21. c4 {[%clk 0:08:27]} bxc4
{[%clk 0:48:13]} 22. Nd2 {[%clk 0:08:14]} g5 {[%clk 0:33:35]} 23. Bxg5
{[%clk 0:08:37]} Rg8 {[%clk 0:34:02]} 24. Bf4 {[%clk 0:05:00]} Rxg4
{[%clk 0:31:24]} 25. Rdg1 {[%clk 0:02:42]} Rxg1 {[%clk 0:25:21]} 26. Rxg1
{[%clk 0:03:10]} Nxf4 {[%clk 0:25:43]} 27. exf4 {[%clk 0:03:38]} Rd8
{[%clk 0:26:06]} 28. Ne4 {[%clk 0:03:08]} Rd4 {[%clk 0:05:54]} 29. Nf6+
{[%clk 0:03:34]} Ke7 {[%clk 0:06:06]} 30. Rg4 {[%clk 0:02:10]} h5
{[%clk 0:05:28]} 31. Rh4 {[%clk 0:01:19]} Bg7 {[%clk 0:04:50]} 32. Ng8+
{[%clk 0:00:38]} Kd7 {[%clk 0:04:48]} 33. Rxh5 {[%clk 0:00:47]} Rxf4
{[%clk 0:05:04]} 34. Rg5 {[%clk 0:01:15]} Bf8 {[%clk 0:04:44]} 35. Nf6+
{[%clk 0:00:55]} Kc6 {[%clk 0:05:08]} 36. Rg8 {[%clk 0:00:38]} Be7
{[%clk 0:05:06]} 37. Ng4 {[%clk 0:00:40]} Kd5 {[%clk 0:04:07]} 38. h3
{[%clk 0:01:08]} Rf3 {[%clk 0:04:10]} 39. Re8 {[%clk 0:00:56]} Bh4
{[%clk 0:04:13]} 40. Rh8 {[%clk 0:00:41]} Bg3 {[%clk 0:03:48]} 41. Rh5
{[%clk 0:00:31]} Kd4 {[%clk 0:03:25]} 42. a4 {[%clk 0:26:06]} c3 {[%clk 0:31:37]}
43. b3 {[%clk 0:26:32]} Rd3 {[%clk 0:29:28]} 44. Rh7 {[%clk 0:26:43]} Rd2+
{[%clk 0:29:50]} 45. Kc1 {[%clk 0:27:10]} Bf4 {[%clk 0:26:50]} 46. Rxf7
{[%clk 0:27:37]} Rf2+ {[%clk 0:27:10]} 47. Kb1 {[%clk 0:28:05]} c2+
{[%clk 0:27:21]} 48. Ka1 {[%clk 0:28:33]} c1=Q# {[%clk 0:27:33]}  0-1